000 00688nam a22002177a 4500
003 UA-OsUOA
001 56468
007 ta
008 20081029b un ||||| |||| 00| 0 ukr d
100 _aБобров Є.А.
090 _a330
_bБ72
942 _cSA
040 _aUA-OsUOA
_bukr
_cUA-OsUOA
_dUA-OsUOA
245 _aАналіз тенденцій розвитку фінансового ринку країн Близького Сходу та Південно-Східної Азії
300 _aС.92-102
955 _a0
041 _aukr
080 _a330
773 0 _w56459
_tФінанси України
_dК.
_d2008
_g7
650 7 _a330 Економіка взагалі
_2UDC
999 _c342557
_d342557